Alle Parteien Bulgariens - Statistiken

Allgemein
  • Dieses Quiz wurde 3 mal gespielt
  • Das Durchschnittsergebnis liegt bei 6 aus 22
Antwortstatistiken
Partei % Korrekt
Graždani za evropejsko razvitie na Bălgarija
100%
Dviženie za Prava i Svobodi
67%
Koalicija Prodălžavame Promjanata – Demokratična Bălgarija
67%
Lewizata!
67%
Prodălžavame Promjanata
67%
Văzraždane
67%
Bălgarska Socialističeska Partija
33%
BSP za Bălgarija
33%
Demokratična Bălgarija – Obedinenie
33%
Ima Takăv Narod
33%
Săjuz na Demokratični Sili
33%
Alternativa za Bălgarsko Văzraždane
0%
Bălgarska progresivna linija
0%
Bălgarski Văzhod
0%
Da, Balgarija!
0%
Demokrati za silna Bălgarija
0%
Dviženie 21
0%
Izpravi se Bălgarija
0%
Nezavisimo sdruženie Ekoglasnost
0%
Sredna evropejska klasa
0%
Volt Bălgarija
0%
Zeleno dviženie
0%
Keine übereinstimmenden Quizze gefunden
Verteilung der Resultate
Anzahl Personen mit jedem Resultat
Perzentil nach korrekt beantworteten Fragen
Ihre Resultats-Entwicklung
Sie haben dieses Quiz noch nicht gespielt